| 000 -LEADER |
| fixed length control field |
00316nam a2200133Ia 4500 |
| 008 - FIXED-LENGTH DATA ELEMENTS--GENERAL INFORMATION |
| fixed length control field |
200103s9999||||xx |||||||||||||| ||und|| |
| 082 ## - DEWEY DECIMAL CLASSIFICATION NUMBER |
| Classification number |
Column-49 |
| 100 ## - MAIN ENTRY--PERSONAL NAME |
| Personal name |
Higgins, J. C. |
| 245 #0 - TITLE STATEMENT |
| Title |
Problems in Electronics |
| 260 ## - PUBLICATION, DISTRIBUTION, ETC. (IMPRINT) |
| Name of publisher, distributor, etc |
Edward Arnold & Co., London |
| Date of publication, distribution, etc |
1964 |
| 300 ## - PHYSICAL DESCRIPTION |
| Extent |
288 |
| 942 ## - ADDED ENTRY ELEMENTS (KOHA) |
| Item type |
Books |